| 000 | 01081cam a2200277 a 4500 | ||
|---|---|---|---|
| 001 | 4405074 | ||
| 003 | OSt | ||
| 005 | 20160305101938.0 | ||
| 008 | 920708s1991 hu a s f000 0 eng | ||
| 010 | _a 92183343 | ||
| 020 | _a9637070184 | ||
| 040 |
_aDLC _cDLC _dDLC |
||
| 043 | _ae-hu--- | ||
| 050 | 0 | 0 |
_aHA1205 _b.A14 1991 |
| 082 | 0 | 0 |
_a330.9439/053 _220 |
| 245 | 0 | 0 |
_a100 questions, answers about Hungary, its population and economy / _c[edited by the Hungarian Central Statistical Office Marketing Deptartment]. |
| 260 |
_aBudapest : _bHungarian Central Statistical Office, _c1991. |
||
| 300 |
_a151 p. : _bill. ; _c24 cm. |
||
| 651 | 0 |
_aHungary _zPopulation _xStatistics. |
|
| 651 | 0 |
_aHungary _xEconomic conditions _xStatistics. |
|
| 710 | 1 |
_aHungary. _bKözponti Statisztikai Hivatal. _bMarketing Department. |
|
| 740 | 0 | _aOne hundred questions, answers about Hungary, its population and economy. | |
| 906 |
_a7 _bcbc _corignew _d2 _encip _f19 _gy-gencatlg |
||
| 942 |
_2ddc _cBK |
||
| 999 |
_c15258 _d15258 |
||